| 000 | 00546nam a22001697a 4500 | ||
|---|---|---|---|
| 003 | OSt | ||
| 005 | 20220916195356.0 | ||
| 008 | 220916b |||||||| |||| 00| 0 eng d | ||
| 020 | _a9058-29-9 | ||
| 040 | _cBiblioteca Lado V | ||
| 082 |
_a709.809.04 _bJ61d |
||
| 100 |
_aJimenez, Ariel _ecurador |
||
| 245 |
_aDiálogos, Diálogos/ _bArte Latinoamericano desde la colección Cisneros/ |
||
| 260 |
_aColombia _bPanamericana Formas e Impresos S.A. _c2005 |
||
| 300 |
_a125p. _c22x28cm |
||
| 942 |
_2ddc _c1 _h709.809.04 _iJ61d _n0 |
||
| 999 |
_c2077 _d2077 |
||